000
00322nam a2200121Ia 4500
008
220204s9999 xx 000 0 und d
082
_a
621.38(035)
_b
FIN
245
0
_a
Electronics engineers' handbook
260
_a
New york
_b
McGraw Hill
_c
1975
700
_a
Fink, Donald G
700
_a
Mckenzie, Alexander A
942
_c
BK
999
_c
26972
_d
26972